00410nam a22001337a 4500003000900000005001700009008005100026020001500077040002200092100002600114245005100140260005600191300002900247DO-SdBNP20180202142457.0160617b 2003 nyu a xxu||||| |||| 00| 0 spa d a0765227479 aBPMSUbspacBPMSU1 a Hiebert, Elfrieda H.10aQuickreads :ba research-based fluency program aParsippany, N J : bModern Curriculum Press, c2003 a96 p. : bil. ;c27 cm.